Lu Xun pi pan Kong Meng zhi dao shou gao xuan bian /
Saved in:
| Main Author: | |
|---|---|
| Format: | Book |
| Language: | Chinese |
| Published: |
[Beijing] :
Wen wu chu ban she,
1975.
|
| Subjects: | |
| Tags: |
Add Tag
No Tags, Be the first to tag this record!
|
| LEADER | 00834cam a2200229 i 4500 | ||
|---|---|---|---|
| 001 | 007725543-7 | ||
| 005 | 20024617105005.0 | ||
| 008 | 901109s1975 cc a 000 0 chi | ||
| 010 | |a 76835943 | ||
| 035 | 0 | |a ocm22656156 | |
| 040 | |a DLC |c CLU |d *YNH* |d CStRLIN | ||
| 050 | 0 | |a B128.C8 |b C5227 1975 | |
| 100 | 1 | |6 880-01 |a Lu, Xun, |d 1881-1936. | |
| 245 | 1 | 0 | |6 880-02 |a Lu Xun pi pan Kong Meng zhi dao shou gao xuan bian / |c [Zhou Shuren] ; Wen wu chu ban she [bian ji] |
| 260 | |6 880-03 |a [Beijing] : |b Wen wu chu ban she, |c 1975. | ||
| 300 | |a [101] p. (on double leaves) : |b ill. ; |c 29 cm. | ||
| 600 | 0 | 0 | |a Confucius. |
| 880 | 1 | |6 100-01 |a 鲁迅, |d 1881-1936. | |
| 880 | 1 | 0 | |6 245-02 |a 鲁迅批判孔孟之道手稿選編 / |c [周樹人] ; 文物出版社[編輯] |
| 880 | |6 260-03 |a [北京] : |b 文物出版社, |c 1975. | ||
| 988 | |a 20021102 | ||
| 906 | |0 DLC | ||


